Normal view
MARC view
Entry Personal Name
001 - CONTROL NUMBER
- control field: 8745
003 - CONTROL NUMBER IDENTIFIER
- control field: BD-RjUL
005 - DATE AND TIME OF LATEST TRANSACTION
- control field: 20230903151059.0
008 - FIXED-LENGTH DATA ELEMENTS
- fixed length control field: 230903|| aca||aabn | a|a d
040 ## - CATALOGING SOURCE
- Original cataloging agency: BD-RjUL
- Transcribing agency: BD-RjUL
100 ## - HEADING--PERSONAL NAME
- Personal name: رام, مالک ;; Ram, Malik
670 ## - SOURCE DATA FOUND
- Source citation: Work cat.: (BD-RjUL)81835: آزاد، ابوالکلام ;; Azad, Abul Kalam 8743, تذکره / Taz̲kirah /, 1377 [1998]